Regional Economic Issues, May 2017, Central, Eastern, and Southeastern Europe : A Broadening Recovery.

Economic growth is broadening in Central, Eastern, and Southeastern Europe. Further ahead, however, growth prospects are tested by a dwindling workforce and weak productivity. Reaching Western European income levels would thus take longer, says the IMF in its Regional Economic Issues update on the r...

Ful tanımlama

Detaylı Bibliyografya
Müşterek Yazar: International Monetary Fund. European Dept
Materyal Türü: Dergi
Dil:English
Baskı/Yayın Bilgisi: Washington, D.C. : International Monetary Fund, 2017.
Seri Bilgileri:Regional Economic Outlook
Online Erişim:Full text available on IMF
LEADER 01399cas a2200241 a 4500
001 AALejournalIMF017407
008 230101c9999 xx r poo 0 0eng d
020 |c 20.00 USD 
020 |z 9781475575149 
022 |a 2071-4165 
040 |a BD-DhAAL  |c BD-DhAAL 
110 2 |a International Monetary Fund.  |b European Dept. 
245 1 0 |a Regional Economic Issues, May 2017, Central, Eastern, and Southeastern Europe :   |b A Broadening Recovery. 
264 1 |a Washington, D.C. :  |b International Monetary Fund,  |c 2017. 
300 |a 1 online resource (46 pages) 
490 1 |a Regional Economic Outlook 
500 |a <strong>Off-Campus Access:</strong> No User ID or Password Required 
500 |a <strong>On-Campus Access:</strong> No User ID or Password Required 
506 |a Electronic access restricted to authorized BRAC University faculty, staff and students 
520 3 |a Economic growth is broadening in Central, Eastern, and Southeastern Europe. Further ahead, however, growth prospects are tested by a dwindling workforce and weak productivity. Reaching Western European income levels would thus take longer, says the IMF in its Regional Economic Issues update on the region. 
538 |a Mode of access: Internet 
830 0 |a Regional Economic Outlook 
856 4 0 |z Full text available on IMF  |u http://elibrary.imf.org/view/books/086/24035-9781475575149-en/24035-9781475575149-en-book.xml  |z IMF e-Library